00426nam a2200169Ia 4500003000400000005001700004008004100021020001800062040000900080082001700089100001500106245005500121250001200176260004400188300001000232650001400242OSt20191226113932.0190216s9999||||xx |||||||||||||| ||und|| a9781403911049 coclc a519.5bHOO/S aHooda, R P 0aStatistics For Business And Economics /cR P Hooda a3rd ed. bMacmillan India Ltd,c2003.aNew Delhi: a822 p aEconomics